| 000 | 00692cam a2200193 a 4500 | ||
|---|---|---|---|
| 001 | 000025376 | ||
| 005 | 20200930023737.0 | ||
| 008 | 901219s1995 mx 000 | spa d | ||
| 020 | _a9682948304 | ||
| 040 |
_aDO-SdBNP _bspa _cBNPHU |
||
| 082 |
_axxx _bC968p |
||
| 245 | 1 | 3 |
_aCultura y pospolítica : _bel debate sobre la modernidad en América Latina / _ccompilador Néstor García Canclini. |
| 260 |
_aMéxico , D. F. : _bConsejo Nacional para la Cultura y las Artes, _c1995. |
||
| 300 |
_a342 p. ; _c21 cm. |
||
| 500 | _aIncluye bibliografía al final de las partes | ||
| 500 | _aIncluye refencia al pie de páginas | ||
| 700 | 1 |
_aGarcía Canclini, Néstor _ecomp. _947588 |
|
| 049 | _aBNGR | ||
| 999 |
_c24868 _d24868 |
||